000 00576nam a2200181 i 4500
001 62019
003 ES-MaACL
005 20230906164608.0
007 t|
008 031117s1977 sp ||||1| spa d
100 1 _aFanger, Carleton G.
_948795
245 1 0 _aMecánica /
_cpor Carleton G. Fanger ; traducido por Luciano Segurajauregui ; revisado por Alberto Gómez.
260 _aBilbao :
_bUrmo,
_c[1977]
300 _a2 v. :
_bil. ;
_c24 cm.
700 1 _aSegurajauregui, Luciano.
_9105235
700 1 _aGómez, Alberto.
_957746
852 _aES-MaACL
_jC-27612-13
_bR.100146
999 _c62019
_d62019